02441cam a2200265 a 45000010005000000030006000050050017000110080041000280100017000690200015000860200018001010400023001190500018001420820011001601000016001712450067001872500039002542600029002933000043003225040061003655040034004265201652004606500026021126500037021386203FISKH20250328094518.0000510s2000 enk bq 001 0 eng  a 2001334096 a0747550875 a9781784703936 aDLCcDLCdDLCbeng aCB428 .H36813 a909.83 aDeus, Homo 12aHomo Deus :bA brief history of tomorrow /cYuval Noah Harari  aFirst published in Vintage in 2017 aLondon :bVintage,c2015 a513 pages ; cillustrations ; b20 cm  aIncludes bibliographical references (265-267) and index. aIncludes filmography: p. 269. aYuval Noah Harari, author of the critically-acclaimed New York Times bestseller and international phenomenon Sapiens, returns with an equally original, compelling, and provocative book, turning his focus toward humanity's future, and our quest to upgrade humans into gods.Over the past century humankind has managed to do the impossible and rein in famine, plague, and war. This may seem hard to accept, but, as Harari explains in his trademark style--thorough, yet riveting--famine, plague and war have been transformed from incomprehensible and uncontrollable forces of nature into manageable challenges. For the first time ever, more people die from eating too much than from eating too little; more people die from old age than from infectious diseases; and more people commit suicide than are killed by soldiers, terrorists and criminals put together. The average American is a thousand times more likely to die from binging at McDonalds than from being blown up by Al Qaeda. What then will replace famine, plague, and war at the top of the human agenda? As the self-made gods of planet earth, what destinies will we set ourselves, and which quests will we undertake? Homo Deus explores the projects, dreams and nightmares that will shape the twenty-first century--from overcoming death to creating artificial life. It asks the fundamental questions: Where do we go from here? And how will we protect this fragile world from our own destructive powers? This is the next stage of evolution. This is Homo Deus. With the same insight and clarity that made Sapiens an international hit and a New York Times bestseller, Harari maps out our future. 0aForecastingxHistory. 0aTwenty-first centuryvForecasts.